000 00342nam a2200145Ia 4500
008 240624s9999 xx 000 0 und d
041 _aeng
082 _a658.4 WEB
100 _aWEBER MAX
245 _aECONOMY AND SOCIETY
260 _c1978
_aLondon
_bUniversity of California Press
300 _a1470 : p.
365 _c
_b26
440 _v2
999 _c20932
_d20932